Viajes a varias remotas naciones del mundo por el médico y capitán de marina Lemuel Gulliver.

Spremljeno u:
Bibliografski detalji
Glavni autor: Swift, Jonathan (autor)
Daljnji autori: Luaces, Juan G. de (traducción), Farrán y Mayoral, J. (estudio preliminar)
Format: Knjiga
Jezik:engleski
Izdano: Barcelona, España: Iberia, 1945
Serija:Obras maestras
Teme:
Oznake: Dodaj oznaku
Bez oznaka, Budi prvi tko označuje ovaj zapis!

MARC

LEADER 00000cam a2200000 a 4500
001 UCG8963
003 CL-VaPUC
005 20220822114520.0
008 220623b1945 ||||| |||| 00| 0 eng d
999 |c 436313  |d 436311 
040 |c Pontificia Universidad Católica de Valparaíso 
082 0 4 |a 823 SWI 1945  |2 21 
100 0 |a Swift, Jonathan  |e autor  |9 265806 
245 1 4 |a Viajes a varias remotas naciones del mundo por el médico y capitán de marina Lemuel Gulliver. 
260 |a Barcelona, España:  |b Iberia,  |c 1945 
300 |a 315 páginas. 
490 0 |a Obras maestras 
500 |a c.1 Donación Familia Prof. Alejandro Guzmán Brito. 
583 |a last modification  |c 20120120 10:38:00  |k Catalogador Asistente 
650 0 |a Novelas inglesas  |9 265220 
650 0 |a Literatura inglesa  |9 312907  |x Viajes 
700 |a Luaces, Juan G. de  |e traducción  |9 871377 
700 |a Farrán y Mayoral, J.  |e estudio preliminar  |9 871378 
942 |c BK  |2 ddc  |n 0 
945 |d 20120120 00:00:00  |a cmena 
952 |0 0  |1 0  |2 ddc  |4 0  |6 823_000000000000000_SWI_1945  |7 0  |8 C_AGB  |9 584016  |a BIBDER  |b BIBDER  |d 2022-06-23  |e Donación  |i 5652090  |o 823 SWI 1945  |p 5652090  |r 2023-01-25  |t 1  |w 2022-06-23  |y BK_US  |k AGB